000 00378nmm a2200145Ia 4500
008 251105s9999||||xx |||||||||||||||||und||
041 _aspa
100 _aVV. AA.
245 0 _aBe my Valentine
264 _a[Madrid, España] :
_bEdiciones B,
_c2014
300 _a209 páginas
650 _aRomance
856 _uhttps://public.digitaliapublishing.com/a/53943
942 _cCF
999 _c104968
_d104968